[Event "33. Open Villa de Benasque 2013"]
[Site "Benasque ESP"]
[Date "2013.07.07"]
[Round "4.3"]
[White "Castellanos Rodriguez, Renier"]
[Black "Iturrizaga, Eduardo"]
[Result "1/2-1/2"]
[WhiteElo "2504"]
[BlackElo "2642"]
[PlyCount "42"]
[EventDate "2013.07.04"]
[EventType "swiss"]
[EventRounds "10"]
[EventCountry "ESP"]
[SourceTitle "Ajedrez en Madrid"]
[Source "lmi"]
[SourceDate "2013.07.04"]

1. e4 c5 2. Nf3 Nc6 3. Bb5 d6 4. O-O Bd7 5. c3 a6 6. Ba4 Nf6 7. Re1 b5 8. Bc2
Bg4 9. h3 Bxf3 10. Qxf3 g6 11. d3 Bg7 12. Nd2 O-O 13. Qd1 Nd7 14. Nf3 Qc7 15.
a3 Rfc8 16. Be3 a5 17. Qd2 Rab8 18. Rac1 Nb6 19. Bb1 a4 20. Ba2 Qd7 21. Ng5 e6
1/2-1/2

[Event "33. Open Villa de Benasque 2013"]
[Site "Benasque ESP"]
[Date "2013.07.07"]
[Round "4.4"]
[White "Rodshtein, Maxim"]
[Black "Guerra Mendez, Jose Angel"]
[Result "1-0"]
[WhiteElo "2641"]
[BlackElo "2505"]
[PlyCount "59"]
[EventDate "2013.07.04"]
[EventType "swiss"]
[EventRounds "10"]
[EventCountry "ESP"]
[SourceTitle "Ajedrez en Madrid"]
[Source "lmi"]
[SourceDate "2013.07.04"]

1. d4 Nf6 2. c4 e6 3. Nf3 b6 4. g3 Bb7 5. Bg2 Be7 6. O-O O-O 7. Re1 Qc8 8. Nc3
Ne4 9. Bd2 f5 10. Rc1 Bf6 11. d5 h6 12. e3 Na6 13. Nd4 Nac5 14. Nxe4 fxe4 15.
Bb4 exd5 16. cxd5 Bxd5 17. Bxc5 bxc5 18. Rxc5 c6 19. Nf5 Qe8 20. Rxd5 cxd5 21.
Qxd5+ Qe6 22. Bxe4 Rac8 23. Nd6 Rb8 24. b3 Kh8 25. Rd1 Rb6 26. Qd3 Rfb8 27. h4
Be7 28. Nc4 Ra6 29. Bd5 Qf6 30. Ne5 1-0

[Event "33. Open Villa de Benasque 2013"]
[Site "Benasque ESP"]
[Date "2013.07.07"]
[Round "4.5"]
[White "Arribas Lopez, Angel"]
[Black "Georgiev, Kiril"]
[Result "1/2-1/2"]
[WhiteElo "2494"]
[BlackElo "2636"]
[PlyCount "54"]
[EventDate "2013.07.04"]
[EventType "swiss"]
[EventRounds "10"]
[EventCountry "ESP"]
[SourceTitle "Ajedrez en Madrid"]
[Source "lmi"]
[SourceDate "2013.07.04"]

1. e4 e5 2. Nf3 Nc6 3. Bb5 Nf6 4. d3 Bc5 5. O-O d6 6. Nc3 Bd7 7. Na4 Bb4 8. c3
Ba5 9. b4 Bb6 10. Bc4 Be6 11. Bxe6 fxe6 12. b5 Nb8 13. Qb3 Qe7 14. Ba3 Nbd7 15.
d4 O-O 16. Rae1 Ng4 17. h3 Rxf3 18. gxf3 Ngf6 19. Nxb6 axb6 20. f4 exd4 21. e5
Nd5 22. exd6 Qf7 23. cxd4 c6 24. Bc1 Nf8 25. Re5 Ng6 26. bxc6 bxc6 27. Qc2 Qd7
1/2-1/2

[Event "33. Open Villa de Benasque 2013"]
[Site "Benasque ESP"]
[Date "2013.07.07"]
[Round "4.6"]
[White "Delchev, Aleksander"]
[Black "Movsziszian, Karen"]
[Result "1-0"]
[WhiteElo "2614"]
[BlackElo "2499"]
[PlyCount "71"]
[EventDate "2013.07.04"]
[EventType "swiss"]
[EventRounds "10"]
[EventCountry "ESP"]
[SourceTitle "Ajedrez en Madrid"]
[Source "lmi"]
[SourceDate "2013.07.04"]

1. d4 g6 2. c4 Bg7 3. Nf3 Nf6 4. Nc3 O-O 5. e4 d6 6. h3 e5 7. d5 Na6 8. Bg5 Qe8
9. Be2 Nd7 10. Nd2 f6 11. Bh4 c6 12. a3 cxd5 13. cxd5 Nb6 14. Nb5 Qd8 15. a4
Nc7 16. Nxc7 Qxc7 17. Rc1 Qd8 18. a5 Nd7 19. b4 Bh6 20. Bg4 b6 21. Rc6 bxa5 22.
Be6+ Kg7 23. Nc4 Nb6 24. Nxd6 Bxe6 25. dxe6 axb4 26. Qg4 Bg5 27. Bxg5 fxg5 28.
O-O Rf4 29. Qg3 Qf6 30. Rc7+ Kh8 31. Qb3 h5 32. Nf7+ Kg7 33. g3 Rc8 34. Rxc8
Rf3 35. Qxf3 Qxf3 36. e7 1-0

[Event "33. Open Villa de Benasque 2013"]
[Site "Benasque ESP"]
[Date "2013.07.07"]
[Round "4.7"]
[White "Naroditsky, Daniel"]
[Black "Illescas Cordoba, Miguel"]
[Result "1/2-1/2"]
[WhiteElo "2486"]
[BlackElo "2613"]
[PlyCount "37"]
[EventDate "2013.07.04"]
[EventType "swiss"]
[EventRounds "10"]
[EventCountry "ESP"]
[SourceTitle "Ajedrez en Madrid"]
[Source "lmi"]
[SourceDate "2013.07.04"]

1. e4 e6 2. d4 d5 3. Nd2 Nf6 4. e5 Nfd7 5. Bd3 c5 6. c3 Nc6 7. Ngf3 Be7 8. O-O
a5 9. Re1 cxd4 10. cxd4 Qb6 11. Nb1 Nxd4 12. Nxd4 Qxd4 13. Nc3 Qh4 14. g3 Qh3
15. Nb5 O-O 16. Bf1 Qf5 17. Bd3 Qh3 18. Bf1 Qf5 19. Bd3 1/2-1/2

[Event "33. Open Villa de Benasque 2013"]
[Site "Benasque ESP"]
[Date "2013.07.07"]
[Round "4.8"]
[White "Deepan, Chakkravarthy J"]
[Black "Vazquez Igarza, Renier"]
[Result "0-1"]
[WhiteElo "2468"]
[BlackElo "2571"]
[PlyCount "128"]
[EventDate "2013.07.04"]
[EventType "swiss"]
[EventRounds "10"]
[EventCountry "ESP"]
[SourceTitle "Ajedrez en Madrid"]
[Source "lmi"]
[SourceDate "2013.07.04"]

1. d4 Nf6 2. Nf3 e6 3. g3 b6 4. Bg2 Bb7 5. O-O Be7 6. c4 O-O 7. Nc3 Ne4 8. Qc2
Nxc3 9. Qxc3 d6 10. Qc2 f5 11. d5 e5 12. b3 Nd7 13. Bb2 a5 14. a3 g6 15. Nd2 e4
16. Nb1 Bf6 17. Nc3 Qe7 18. Rfd1 Qg7 19. Rab1 Ba6 20. Na4 Bxb2 21. Qxb2 Ne5 22.
Qd4 Bc8 23. Nc3 Bd7 24. Rbc1 h5 25. f4 exf3 26. exf3 Rae8 27. Rd2 g5 28. f4
gxf4 29. Qxf4 Ng6 30. Qg5 Re5 31. Re2 f4 32. Rxe5 Nxe5 33. gxf4 Nd3 34. Rf1
Nxf4 35. Qxg7+ Kxg7 36. Rf3 Rf6 37. Ne4 Rf8 38. Nc3 Rf7 39. Bf1 h4 40. Re3 Kh6
41. Ne2 Ng6 42. Nd4 Nf4 43. Ne2 Nxe2+ 44. Bxe2 Kg5 45. b4 axb4 46. axb4 Bg4 47.
Bxg4 Kxg4 48. h3+ Kg5 49. c5 bxc5 50. bxc5 dxc5 51. Rc3 Kf4 52. Rxc5 Ke5 53.
Rc4 Kxd5 54. Rxh4 c5 55. Rh8 c4 56. Kg2 c3 57. Rc8 Kd4 58. Rd8+ Ke3 59. Rc8
Rg7+ 60. Kf1 Kd2 61. Rd8+ Kc1 62. Kf2 c2 63. Rc8 Rd7 64. h4 Rd4 0-1

[Event "33. Open Villa de Benasque 2013"]
[Site "Benasque ESP"]
[Date "2013.07.07"]
[Round "4.9"]
[White "Anton Guijarro, David"]
[Black "Forcen Esteban, Daniel"]
[Result "0-1"]
[WhiteElo "2564"]
[BlackElo "2493"]
[PlyCount "78"]
[EventDate "2013.07.04"]
[EventType "swiss"]
[EventRounds "10"]
[EventCountry "ESP"]
[SourceTitle "Ajedrez en Madrid"]
[Source "lmi"]
[SourceDate "2013.07.04"]

1. d4 Nf6 2. Nf3 e6 3. Bf4 c5 4. e3 Be7 5. Nbd2 O-O 6. h3 b6 7. Bh2 Bb7 8. Bd3
Nc6 9. O-O Rc8 10. c3 d5 11. Qe2 Bd6 12. Ne5 Nd7 13. f4 g6 14. g4 f6 15. Nef3
Qc7 16. Rac1 e5 17. dxe5 fxe5 18. Ng5 Rce8 19. Qg2 e4 20. Ndxe4 dxe4 21. Bc4+
Kg7 22. Rcd1 Nd8 23. Rf2 h6 24. Rfd2 Rf6 25. h4 Bc6 26. Bg3 b5 27. Bd5 Bxd5 28.
Rxd5 Nb6 29. R5d2 Nc4 30. Nxe4 Nxd2 31. Nxf6 Kxf6 32. Qxd2 Nf7 33. Kf2 Kg7 34.
Kf3 Rf8 35. Qd5 Qc8 36. e4 Ne5+ 37. Kg2 Nc4 38. Kf3 Qb8 39. Qe6 Rf6 0-1

[Event "33. Open Villa de Benasque 2013"]
[Site "Benasque ESP"]
[Date "2013.07.08"]
[Round "5.2"]
[White "Vocaturo, Daniele"]
[Black "Ni, Hua"]
[Result "1/2-1/2"]
[WhiteElo "2536"]
[BlackElo "2661"]
[PlyCount "149"]
[EventDate "2013.07.04"]
[EventType "swiss"]
[EventRounds "10"]
[EventCountry "ESP"]
[SourceTitle "Ajedrez en Madrid"]
[Source "lmi"]
[SourceDate "2013.07.04"]

1. e4 e5 2. Nf3 Nc6 3. Bb5 Nf6 4. d3 Bc5 5. c3 O-O 6. Bxc6 bxc6 7. Nxe5 d5 8.
d4 Bd6 9. exd5 Ba6 10. dxc6 Bxe5 11. dxe5 Qe8 12. Be3 Qxe5 13. Nd2 Ne4 14. Nxe4
Qxe4 15. Qd4 Qc2 16. Qd2 Qa4 17. b3 Qxc6 18. O-O-O Rfe8 19. f3 Re6 20. Rhe1 h6
21. Bd4 Rxe1 22. Rxe1 Qd6 23. Re5 f6 24. Ra5 Bb7 25. Bg1 Qxd2+ 26. Kxd2 a6 27.
Rc5 Rd8+ 28. Kc2 Rd7 29. Bf2 Kf7 30. Bg3 c6 31. Rc4 Rd5 32. Bf2 Rg5 33. g3 Rf5
34. f4 g5 35. Be3 Rd5 36. Rd4 Rxd4 37. Bxd4 gxf4 38. gxf4 Bc8 39. c4 Bf5+ 40.
Kc3 Bb1 41. a4 f5 42. b4 Ke6 43. Be5 h5 44. Kd4 Bc2 45. a5 Be4 46. Kc5 Bd3 47.
Bd4 Kd7 48. Bf2 Be2 49. Bh4 Bf1 50. Bf6 Be2 51. Bg5 Bf1 52. Bh6 Be2 53. Bg5 Bf1
54. Bh4 Be2 55. Be1 Bf1 56. Kd4 Ke6 57. Bf2 Be2 58. Bh4 Bf1 59. Bg5 Be2 60. Bd8
Bf1 61. Bg5 Be2 62. Kc5 Kd7 63. Bf6 Bf1 64. Bc3 Be2 65. h4 Bf1 66. Bd2 Be2 67.
Be1 Bf1 68. Bf2 Be2 69. Bd4 Bf1 70. Bg7 Be2 71. Kd4 Ke6 72. Kc5 Kd7 73. Kd4 Ke6
74. Kc5 Kd7 75. Kd4 1/2-1/2

[Event "33. Open Villa de Benasque 2013"]
[Site "Benasque ESP"]
[Date "2013.07.08"]
[Round "5.3"]
[White "Moskalenko, Viktor"]
[Black "Rodshtein, Maxim"]
[Result "0-1"]
[WhiteElo "2529"]
[BlackElo "2641"]
[PlyCount "66"]
[EventDate "2013.07.04"]
[EventType "swiss"]
[EventRounds "10"]
[EventCountry "ESP"]
[SourceTitle "Ajedrez en Madrid"]
[Source "lmi"]
[SourceDate "2013.07.04"]

1. d4 Nf6 2. Bg5 e6 3. Nd2 h6 4. Bh4 c5 5. e4 d5 6. e5 g5 7. Bg3 Nfd7 8. c4 Nc6
9. cxd5 exd5 10. h4 g4 11. dxc5 Nxc5 12. a3 a5 13. Bb5 Qb6 14. a4 Bg7 15. Ne2
O-O 16. O-O Nxe5 17. Nf4 Rd8 18. Qe2 Bd7 19. b4 axb4 20. Nxd5 Bxb5 21. axb5 Qe6
22. Rxa8 Rxa8 23. Nf4 Qf5 24. Kh1 b3 25. Qe3 Qc2 26. Nh5 Nc4 27. Nxc4 Qxc4 28.
Rd1 b2 29. Nxg7 Ra1 30. Nh5 Rxd1+ 31. Kh2 Qe6 32. Qc3 Qg6 33. Qxc5 b1=Q 0-1

[Event "33. Open Villa de Benasque 2013"]
[Site "Benasque ESP"]
[Date "2013.07.08"]
[Round "5.4"]
[White "Forcen Esteban, Daniel"]
[Black "Delchev, Aleksander"]
[Result "1/2-1/2"]
[WhiteElo "2493"]
[BlackElo "2614"]
[PlyCount "30"]
[EventDate "2013.07.04"]
[EventType "swiss"]
[EventRounds "10"]
[EventCountry "ESP"]
[SourceTitle "Ajedrez en Madrid"]
[Source "lmi"]
[SourceDate "2013.07.04"]

1. e4 e5 2. Nf3 Nf6 3. Nxe5 d6 4. Nf3 Nxe4 5. d4 d5 6. Bd3 Bd6 7. O-O O-O 8.
Re1 Bf5 9. c4 c6 10. Nc3 Nxc3 11. bxc3 Bxd3 12. Qxd3 dxc4 13. Qxc4 Nd7 14. Qb3
Qc7 15. Ba3 b6 1/2-1/2

[Event "33. Open Villa de Benasque 2013"]
[Site "Benasque ESP"]
[Date "2013.07.08"]
[Round "5.5"]
[White "Iturrizaga, Eduardo"]
[Black "Barria Zuniga, Daniel"]
[Result "1-0"]
[WhiteElo "2642"]
[BlackElo "2428"]
[PlyCount "103"]
[EventDate "2013.07.04"]
[EventType "swiss"]
[EventRounds "10"]
[EventCountry "ESP"]
[SourceTitle "Ajedrez en Madrid"]
[Source "lmi"]
[SourceDate "2013.07.04"]

1. Nf3 d5 2. d4 e6 3. c4 Nf6 4. Nc3 Bb4 5. Bg5 h6 6. Bxf6 Qxf6 7. e3 O-O 8. Be2
dxc4 9. O-O Bxc3 10. bxc3 Nc6 11. Bxc4 Na5 12. Bd3 Nc6 13. Be4 Bd7 14. Rb1 Rab8
15. Qa4 Rfd8 16. Rb2 b5 17. Qa3 Qe7 18. Qxe7 Nxe7 19. Ne5 Be8 20. Nd3 Nc8 21.
Nc5 Nd6 22. Bd3 Rb6 23. Rb3 a5 24. Rfb1 Kf8 25. Kf1 Ke7 26. Ke2 f6 27. e4 Rdb8
28. f4 e5 29. fxe5 fxe5 30. R3b2 exd4 31. cxd4 b4 32. Ke3 Nb5 33. Bxb5 Bxb5 34.
Rc1 Be8 35. d5 c6 36. Kd4 cxd5 37. exd5 a4 38. Re1+ Kf7 39. Rf2+ Kg8 40. Rfe2
Bb5 41. Re7 Rg6 42. g3 Rf8 43. Rb7 Rf1 44. Rxf1 Bxf1 45. Rxb4 Bg2 46. Rb8+ Kf7
47. Rb7+ Kg8 48. Ne6 Rg4+ 49. Kc5 Re4 50. Rxg7+ Kh8 51. Re7 a3 52. d6 1-0

[Event "33. Open Villa de Benasque 2013"]
[Site "Benasque ESP"]
[Date "2013.07.08"]
[Round "5.6"]
[White "Georgiev, Kiril"]
[Black "Ubilava, Elizbar"]
[Result "1/2-1/2"]
[WhiteElo "2636"]
[BlackElo "2490"]
[PlyCount "153"]
[EventDate "2013.07.04"]
[EventType "swiss"]
[EventRounds "10"]
[EventCountry "ESP"]
[SourceTitle "Ajedrez en Madrid"]
[Source "lmi"]
[SourceDate "2013.07.04"]

1. d4 Nf6 2. c4 g6 3. Nf3 Bg7 4. g3 d6 5. Bg2 O-O 6. Nc3 Nbd7 7. O-O e5 8. e4
exd4 9. Nxd4 Re8 10. h3 Nc5 11. Re1 Bd7 12. Nb3 Na4 13. Nxa4 Bxa4 14. Bd2 Nd7
15. Qc2 Nc5 16. Bc3 Bf6 17. Rad1 Qe7 18. f4 Rad8 19. Re3 b6 20. Rde1 a5 21. h4
h5 22. Kh2 Bxc3 23. Qxc3 Bxb3 24. axb3 Qf8 25. b4 axb4 26. Qxb4 Re7 27. Qd2 Nd7
28. Bf3 Rde8 29. Kg2 Nf6 30. b4 Re6 31. R3e2 R8e7 32. Qc3 Qe8 33. Qd4 Kh7 34.
Qd3 Kg7 35. c5 bxc5 36. bxc5 Kh7 37. cxd6 cxd6 38. Kf1 Kg7 39. Qd4 Kh7 40. Kg2
Kg7 41. Ra1 Rc7 42. Ra6 Qd7 43. Ra5 Qc8 44. f5 gxf5 45. Rxf5 Rc2 46. Rf2 Rxf2+
47. Qxf2 Qc4 48. Qb2 Qa4 49. Rxh5 Qe8 50. Qd4 Qe7 51. Rf5 Kg8 52. Rg5+ Kf8 53.
g4 Re5 54. Rf5 Nd7 55. g5 Kg8 56. Bh5 f6 57. Rxe5 Nxe5 58. Qe3 fxg5 59. Qxg5+
Qxg5+ 60. hxg5 Kf8 61. Kg3 Ke7 62. Kf4 Nc6 63. Bg4 Kf7 64. Bd7 Ne7 65. Bf5 Nc6
66. Bc8 Kg6 67. Bd7 Ne7 68. Be8+ Kg7 69. Ke3 Kf8 70. Bh5 Nc6 71. Kd3 Ke7 72.
Kc4 Ke6 73. Be8 Ne5+ 74. Kc3 d5 75. exd5+ Kxd5 76. g6 Nxg6 77. Bxg6 1/2-1/2

[Event "33. Open Villa de Benasque 2013"]
[Site "Benasque ESP"]
[Date "2013.07.08"]
[Round "5.9"]
[White "Golod, Vitali"]
[Black "Neelotpal, Das"]
[Result "1/2-1/2"]
[WhiteElo "2578"]
[BlackElo "2445"]
[PlyCount "125"]
[EventDate "2013.07.04"]
[EventType "swiss"]
[EventRounds "10"]
[EventCountry "ESP"]
[SourceTitle "Ajedrez en Madrid"]
[Source "lmi"]
[SourceDate "2013.07.04"]

1. d4 Nf6 2. c4 e6 3. Nc3 Bb4 4. Qc2 O-O 5. a3 Bxc3+ 6. Qxc3 b5 7. cxb5 c6 8.
Bg5 cxb5 9. e3 Bb7 10. Nf3 a6 11. Bd3 h6 12. Bh4 d6 13. O-O Nbd7 14. Rfc1 Qb6
15. Bg3 Nh5 16. Qc7 Nxg3 17. Qxd7 Nh5 18. Qc7 Qxc7 19. Rxc7 Rab8 20. Nd2 Nf6
21. e4 Rfc8 22. Rac1 Nd7 23. Nb3 Nb6 24. Na5 Ba8 25. f3 Kf8 26. R1c2 d5 27. Ra7
dxe4 28. fxe4 Nc4 29. Nxc4 bxc4 30. Rxc4 Rxc4 31. Bxc4 Bxe4 32. b4 Rc8 33. Bxa6
Rc2 34. Bf1 f5 35. Ra5 f4 36. Rc5 Ra2 37. b5 Rxa3 38. b6 Rb3 39. Rb5 Rxb5 40.
Bxb5 Ke7 41. Kf2 Kd6 42. Be2 Kc6 43. Bf3 Bxf3 44. Kxf3 Kxb6 45. Kxf4 Kc6 46.
Ke5 Kd7 47. g4 Ke7 48. h4 Kd7 49. d5 exd5 50. Kxd5 Ke7 51. Ke5 Kf7 52. Kf5 g6+
53. Ke5 h5 54. gxh5 gxh5 55. Kf5 Kg7 56. Kg5 Kh7 57. Kxh5 Kg7 58. Kg5 Kh7 59.
h5 Kg7 60. h6+ Kh7 61. Kh5 Kg8 62. Kg6 Kh8 63. h7 1/2-1/2

[Event "33. Open Villa de Benasque 2013"]
[Site "Benasque ESP"]
[Date "2013.07.09"]
[Round "6.1"]
[White "Rodshtein, Maxim"]
[Black "Vazquez Igarza, Renier"]
[Result "1/2-1/2"]
[WhiteElo "2641"]
[BlackElo "2571"]
[PlyCount "107"]
[EventDate "2013.07.04"]
[EventType "swiss"]
[EventRounds "10"]
[EventCountry "ESP"]
[SourceTitle "Ajedrez en Madrid"]
[Source "lmi"]
[SourceDate "2013.07.04"]

1. Nf3 Nf6 2. c4 e6 3. g3 d5 4. Bg2 c5 5. cxd5 exd5 6. d4 Nc6 7. O-O Be7 8.
dxc5 Bxc5 9. a3 Ne4 10. b4 Bb6 11. Bb2 O-O 12. e3 Bg4 13. Nc3 Nxc3 14. Bxc3 a6
15. Ra2 Qd7 16. Rd2 Rad8 17. Qb3 Rfe8 18. Rfd1 Ne7 19. Bd4 Nc8 20. Qc3 Qf5 21.
Nh4 Qg5 22. Rc1 h6 23. h3 Be6 24. Nf3 Bxd4 25. Qxd4 Qe7 26. Rdc2 Nd6 27. Rc7
Rd7 28. Qc5 Nc4 29. Qxe7 Rdxe7 30. Rxe7 Rxe7 31. Rc3 Rc7 32. Nd4 h5 33. f4 g6
34. e4 dxe4 35. Nxe6 fxe6 36. Bxe4 Kf7 37. Bxb7 Rxb7 38. Rxc4 Rd7 39. Rc6 Rd3
40. Rxa6 Rxg3+ 41. Kh2 Rb3 42. h4 Kf6 43. Ra5 Rf3 44. b5 Rxf4 45. Kg3 Rg4+ 46.
Kh3 Rc4 47. a4 Rb4 48. Kg3 e5 49. Ra8 Kf5 50. Kf3 Rb3+ 51. Ke2 Ke4 52. Kd2 Kd4
53. Kc2 Rb4 54. Rd8+ 1/2-1/2

[Event "33. Open Villa de Benasque 2013"]
[Site "Benasque ESP"]
[Date "2013.07.09"]
[Round "6.3"]
[White "Ni, Hua"]
[Black "Forcen Esteban, Daniel"]
[Result "1-0"]
[WhiteElo "2661"]
[BlackElo "2493"]
[PlyCount "75"]
[EventDate "2013.07.04"]
[EventType "swiss"]
[EventRounds "10"]
[EventCountry "ESP"]
[SourceTitle "Ajedrez en Madrid"]
[Source "lmi"]
[SourceDate "2013.07.04"]

1. e4 c5 2. Nf3 d6 3. d4 Nf6 4. Nc3 cxd4 5. Nxd4 a6 6. Be3 e5 7. Nb3 Be6 8. h3
Be7 9. f4 exf4 10. Bxf4 O-O 11. Qf3 Nc6 12. O-O-O Nd7 13. Bxd6 Bxd6 14. Rxd6
Qg5+ 15. Kb1 Rad8 16. Qf2 Qe5 17. Rd1 Nf6 18. Bd3 Nd4 19. Rhf1 Nxb3 20. axb3
Rd4 21. Ne2 Rb4 22. Qg3 Nd7 23. Qxe5 Nxe5 24. Nc3 h5 25. Be2 h4 26. Rd6 Bd7 27.
Kc1 Re8 28. Kd2 Bc6 29. Rf4 Ng6 30. Rg4 a5 31. Bd3 a4 32. bxa4 Rxb2 33. Rdxg6
fxg6 34. Bc4+ Kf8 35. Bb3 Rc8 36. Rxh4 Ke7 37. Rf4 Bd7 38. Rf7+ 1-0

[Event "33. Open Villa de Benasque 2013"]
[Site "Benasque ESP"]
[Date "2013.07.09"]
[Round "6.4"]
[White "Naumkin, Igor"]
[Black "Iturrizaga, Eduardo"]
[Result "0-1"]
[WhiteElo "2443"]
[BlackElo "2642"]
[PlyCount "92"]
[EventDate "2013.07.04"]
[EventType "swiss"]
[EventRounds "10"]
[EventCountry "ESP"]
[SourceTitle "Ajedrez en Madrid"]
[Source "lmi"]
[SourceDate "2013.07.04"]

1. d4 Nf6 2. Nf3 e6 3. c4 c5 4. d5 exd5 5. cxd5 d6 6. Nc3 g6 7. e4 Bg7 8. Be2
O-O 9. O-O Re8 10. Nd2 Nbd7 11. f4 Nb6 12. a4 a5 13. Kh1 Bd7 14. Ra3 Rc8 15. f5
Qe7 16. Bd3 gxf5 17. exf5 Nbxd5 18. Nxd5 Nxd5 19. Ne4 Nf6 20. Bg5 Bc6 21. Ng3
Qe5 22. Qd2 Kh8 23. Bb1 d5 24. Re3 Qd4 25. Rd3 Qb4 26. Qc1 Rc7 27. Bd2 Qb6 28.
Bh6 Bxh6 29. Qxh6 Ng8 30. Qc1 f6 31. Nh5 d4 32. Nf4 Rg7 33. Rh3 Re2 34. Rg1
Qxb2 35. Qxb2 Rxb2 36. Ng6+ Rxg6 37. fxg6 h6 38. Rg3 Kg7 39. Re1 c4 40. Bf5 d3
41. Kg1 d2 42. Ra1 Ne7 43. Bg4 Nd5 44. Kf1 c3 45. Ke2 c2 46. Kxd2 Rb1 0-1

[Event "33. Open Villa de Benasque 2013"]
[Site "Benasque ESP"]
[Date "2013.07.09"]
[Round "6.5"]
[White "Delchev, Aleksander"]
[Black "Vocaturo, Daniele"]
[Result "1-0"]
[WhiteElo "2614"]
[BlackElo "2536"]
[PlyCount "102"]
[EventDate "2013.07.04"]
[EventType "swiss"]
[EventRounds "10"]
[EventCountry "ESP"]
[SourceTitle "Ajedrez en Madrid"]
[Source "lmi"]
[SourceDate "2013.07.04"]

1. e4 e5 2. Nf3 Nc6 3. Nc3 g6 4. d4 exd4 5. Nd5 Bg7 6. Bg5 Nce7 7. Nxd4 c6 8.
Nc3 h6 9. Bf4 d5 10. Qd2 Nf6 11. O-O-O Nxe4 12. Nxe4 dxe4 13. Qe3 Qb6 14. c3 f5
15. Qg3 g5 16. Bc7 f4 17. Bxf4 Bxd4 18. Bc7 Nf5 19. Bxb6 Nxg3 20. Bxd4 Nxh1 21.
Bxh8 Nxf2 22. Rd6 Ng4 23. Be2 Ke7 24. Rd4 Nf2 25. Be5 Bf5 26. Bd6+ Kf7 27. Bc4+
Be6 28. Bg3 e3 29. Be2 Re8 30. Bh5+ Ke7 31. Bxe8 Kxe8 32. b3 Bd5 33. c4 Bxg2
34. Rd6 Ng4 35. Kd1 Bf3+ 36. Ke1 Ke7 37. c5 Nf6 38. Be5 Ng4 39. Bg7 b6 40. b4
bxc5 41. bxc5 Nf2 42. Bxh6 Ne4 43. Rd3 Kf7 44. Rxe3 g4 45. Ra3 Nxc5 46. Rxa7+
Ke6 47. Be3 Ne4 48. a4 c5 49. a5 c4 50. Rc7 Nd6 51. Bf4 Kd5 1-0

[Event "33. Open Villa de Benasque 2013"]
[Site "Benasque ESP"]
[Date "2013.07.09"]
[Round "6.6"]
[White "Georgiev, Kiril"]
[Black "Naroditsky, Daniel"]
[Result "1/2-1/2"]
[WhiteElo "2636"]
[BlackElo "2486"]
[PlyCount "91"]
[EventDate "2013.07.04"]
[EventType "swiss"]
[EventRounds "10"]
[EventCountry "ESP"]
[SourceTitle "Ajedrez en Madrid"]
[Source "lmi"]
[SourceDate "2013.07.04"]

1. d4 Nf6 2. Nf3 e6 3. c4 b6 4. g3 Bb7 5. Bg2 Be7 6. Nc3 O-O 7. O-O Ne4 8. Qc2
Nxc3 9. Qxc3 d6 10. b3 c5 11. Bb2 Bf6 12. Rad1 Qc7 13. Qd2 cxd4 14. Bxd4 Bxd4
15. Qxd4 Rd8 16. Rd2 Nc6 17. Qf4 Ne7 18. Rfd1 Ng6 19. Qe3 d5 20. cxd5 Bxd5 21.
Ng5 Bxg2 22. Kxg2 h6 23. Ne4 Rxd2 24. Rxd2 Ne7 25. Qc3 Qxc3 26. Nxc3 Rc8 27.
Nb5 a6 28. Nd6 Rc1 29. Nc4 b5 30. Ne5 Nc6 31. Nd3 Rc3 32. f4 a5 33. Kf2 Kf8 34.
Rd1 Ke7 35. Ke1 Rc2 36. Rd2 Rxd2 37. Kxd2 f5 38. e4 fxe4 39. Nc5 Nb4 40. a4
bxa4 41. bxa4 Nd5 42. Nxe4 Nb6 43. Nc5 Kd6 44. Nb7+ Kd5 45. Nxa5 Nxa4 46. Nb7
1/2-1/2

[Event "33. Open Villa de Benasque 2013"]
[Site "Benasque ESP"]
[Date "2013.07.09"]
[Round "6.7"]
[White "Gomez Esteban, Juan Mario"]
[Black "Illescas Cordoba, Miguel"]
[Result "1-0"]
[WhiteElo "2462"]
[BlackElo "2613"]
[PlyCount "105"]
[EventDate "2013.07.04"]
[EventType "swiss"]
[EventRounds "10"]
[EventCountry "ESP"]
[SourceTitle "Ajedrez en Madrid"]
[Source "lmi"]
[SourceDate "2013.07.04"]

1. e4 c5 2. Nf3 e6 3. c3 Nf6 4. e5 Nd5 5. d4 cxd4 6. cxd4 d6 7. Bd3 Nb4 8. Be2
dxe5 9. dxe5 Qxd1+ 10. Kxd1 Be7 11. a3 Nd5 12. Bd2 O-O 13. Nc3 Nxc3+ 14. Bxc3
b6 15. Nd4 Bb7 16. Bf3 Bxf3+ 17. Nxf3 Na6 18. Rc1 Rfc8 19. Ke2 Nc7 20. Bd2 Nd5
21. Rxc8+ Rxc8 22. Rc1 Rxc1 23. Bxc1 b5 24. Nd4 a6 25. Nc6 Bc5 26. Be3 Nxe3 27.
fxe3 Bb6 28. Kd3 Kf8 29. Nb4 a5 30. Nc6 Ke8 31. Nd4 Bc7 32. Ke4 b4 33. axb4
axb4 34. Nc6 f5+ 35. exf6 gxf6 36. h3 Bd6 37. Kd3 Kd7 38. Nd4 f5 39. Kc4 Bf8
40. Nc2 Kd6 41. Nxb4 Ke5 42. Nc2 Ke4 43. b4 Bxb4 44. Kxb4 Kd3 45. Kc5 Kxc2 46.
Kd6 Kd3 47. Kxe6 Ke4 48. Kf6 Kxe3 49. Kxf5 Kf2 50. h4 Kxg2 51. h5 Kf3 52. h6
Ke3 53. Kf6 1-0

[Event "33. Open Villa de Benasque 2013"]
[Site "Benasque ESP"]
[Date "2013.07.09"]
[Round "6.8"]
[White "Garza Marco, Sergio"]
[Black "Golod, Vitali"]
[Result "0-1"]
[WhiteElo "2462"]
[BlackElo "2578"]
[PlyCount "62"]
[EventDate "2013.07.04"]
[EventType "swiss"]
[EventRounds "10"]
[EventCountry "ESP"]
[SourceTitle "Ajedrez en Madrid"]
[Source "lmi"]
[SourceDate "2013.07.04"]

1. d4 Nf6 2. c4 e6 3. Nf3 d5 4. g3 dxc4 5. Bg2 Bb4+ 6. Nc3 Nc6 7. O-O O-O 8. e3
Rb8 9. Qe2 b5 10. Rd1 Be7 11. e4 Nb4 12. Ne5 Nd7 13. Be3 a6 14. Ng4 Bb7 15. f4
c5 16. a4 Nd3 17. axb5 axb5 18. Nxb5 Bxe4 19. Bxe4 Rxb5 20. Rxd3 cxd3 21. Bxh7+
Kxh7 22. Qxd3+ f5 23. Qxb5 fxg4 24. dxc5 Nxc5 25. Ra7 Qd1+ 26. Qf1 Qxf1+ 27.
Kxf1 Bd6 28. Kg2 Rb8 29. Bd4 Rb7 30. Ra5 Ne4 31. Ra4 Rc7 0-1

[Event "33. Open Villa de Benasque 2013"]
[Site "Benasque ESP"]
[Date "2013.07.09"]
[Round "6.9"]
[White "Neelotpal, Das"]
[Black "Burmakin, Vladimir"]
[Result "1/2-1/2"]
[WhiteElo "2445"]
[BlackElo "2559"]
[PlyCount "43"]
[EventDate "2013.07.04"]
[EventType "swiss"]
[EventRounds "10"]
[EventCountry "ESP"]
[SourceTitle "Ajedrez en Madrid"]
[Source "lmi"]
[SourceDate "2013.07.04"]

1. d4 Nf6 2. Nf3 e6 3. c4 b6 4. g3 Bb7 5. Bg2 Be7 6. O-O O-O 7. Nc3 Ne4 8. Nxe4
Bxe4 9. Ne1 Bxg2 10. Nxg2 c6 11. d5 exd5 12. cxd5 Bf6 13. e4 Re8 14. f3 cxd5
15. Qxd5 Nc6 16. Ne3 Rc8 17. Kg2 Nd4 18. Bd2 Rc5 19. Qb7 Rc7 20. Qd5 Rc5 21.
Qb7 Rc7 22. Qd5 1/2-1/2

[Event "33. Open Villa de Benasque 2013"]
[Site "Benasque ESP"]
[Date "2013.07.10"]
[Round "7.2"]
[White "Rodshtein, Maxim"]
[Black "Ni, Hua"]
[Result "1/2-1/2"]
[WhiteElo "2641"]
[BlackElo "2661"]
[PlyCount "55"]
[EventDate "2013.07.04"]
[EventType "swiss"]
[EventRounds "10"]
[EventCountry "ESP"]
[SourceTitle "Ajedrez en Madrid"]
[Source "lmi"]
[SourceDate "2013.07.04"]

1. d4 d5 2. c4 c6 3. Nc3 Nf6 4. e3 g6 5. Nf3 Bg7 6. Be2 O-O 7. O-O b6 8. Qc2
Bf5 9. Qb3 Ne4 10. Rd1 e6 11. Ne5 h5 12. f3 Nxc3 13. bxc3 Qc7 14. Nd3 Nd7 15.
Nf2 Nf6 16. a4 e5 17. Bd2 Rfe8 18. Rac1 Qe7 19. Re1 Bf8 20. cxd5 cxd5 21. Bb5
Bd7 22. e4 Bxb5 23. axb5 dxe4 24. Bg5 Qd6 25. Bxf6 Qxf6 26. Nxe4 Qd8 27. Red1
Qe7 28. dxe5 1/2-1/2